Restructuring the financial system / (Registro nro. 11944)

Detalles MARC
000 -LEADER
fixed length control field 01063nam a2200241Ia 4500
003 - CONTROL NUMBER IDENTIFIER
control field OSt
005 - DATE AND TIME OF LATEST TRANSACTION
control field 20210719140337.0
008 - FIXED-LENGTH DATA ELEMENTS--GENERAL INFORMATION
fixed length control field 210310s1987 us r 10010 eng d
040 ## - CATALOGING SOURCE
Original cataloging agency CO-JMCR
Transcribing agency CO-JMCR
041 0# - LANGUAGE CODE
Language code of text/sound track or separate title eng
082 04 - DEWEY DECIMAL CLASSIFICATION NUMBER
Classification number 332.1 /
Item number S989r
Edition number 23
111 2# - MAIN ENTRY--MEETING NAME
Meeting name or jurisdiction name as entry element Symposium Restructuring The Financial System :$c
Date of meeting or treaty signing (1987 :
Location of meeting Wyoming)
9 (RLIN) 38561
245 #2 - TITLE STATEMENT
Title Restructuring the financial system /
Statement of responsibility, etc. A Symposium sponsored by The Federal Reserve Bank of Kansas City ; Jackson Hole, Wyoming, august 20-22, 1987.
260 ## - PUBLICATION, DISTRIBUTION, ETC.
Place of publication, distribution, etc. Kansas :
Name of publisher, distributor, etc. Federal Reserve Bank of Kansas City,
Date of publication, distribution, etc. 1987.
300 ## - PHYSICAL DESCRIPTION
Extent 243 páginas ;
Dimensions 23 cm.
504 ## - BIBLIOGRAPHY, ETC. NOTE
Bibliography, etc. note Incluye bibliografía.
505 0# - FORMATTED CONTENTS NOTE
Formatted contents note Need for financial restructuring. --Financial restructuring: the international experience. -- Luncheon address. -- Proposals for financial restructuring<br/>
650 14 - SUBJECT ADDED ENTRY--TOPICAL TERM
Topical term or geographic name entry element Sistema financiero
Form subdivision Congresos, conferencias,
9 (RLIN) 38562
650 24 - SUBJECT ADDED ENTRY--TOPICAL TERM
Topical term or geographic name entry element Bancos
Form subdivision Congresos, conferencias,
9 (RLIN) 38563
700 1# - ADDED ENTRY--PERSONAL NAME
Personal name Hole, Jackson.
Relator term coautor
9 (RLIN) 26873
710 1# - ADDED ENTRY--CORPORATE NAME
Corporate name or jurisdiction name as entry element Federal Reserve Bank of Kansas City.
9 (RLIN) 38564
942 ## - ADDED ENTRY ELEMENTS (KOHA)
Source of classification or shelving scheme Dewey Decimal Classification
Koha item type Books
Existencias
Withdrawn status Lost status Source of classification or shelving scheme Damaged status Not for loan Home library Current library Shelving location Date acquired Source of acquisition Full call number Barcode Date last seen Copy number Price effective from Koha item type
    Dewey Decimal Classification     Biblioteca Pública José María del Castillo y Rada Biblioteca Pública José María del Castillo y Rada General Stacks 04/15/2018 Donación 332.1 / S989r 430006060 05/16/2024 Ej.1 03/10/2021 Books